Sports Quiz

Random Sports or Soccer Quiz

Brasileirão Serie A XIs: SE Palmeiras Quiz Stats

 Plays Quiz not verified by Sporcle

Score 0/204 Timer 20:00
0 Plays Today
% Correct
Marcos
96.3%
Marcos
96.3%
Marcos
96.3%
Marcos
96.3%
Marcos
96.3%
Marcos
96.3%
Marcos
96.3%
Dorival Júnior
91.8%
Caio Júnior
90.8%
Roque Júnior
90.1%
Roque Júnior
90.1%
Roque Júnior
90.1%
Júnior
89.1%
Júnior
89.1%
Luiz Felipe Scolari
89.1%
Júnior
89.1%
Luiz Felipe Scolari
89.1%
Júnior
89.1%
Luiz Felipe Scolari
89.1%
Júnior
89.1%
Luiz Felipe Scolari
89.1%
Fábio Júnior
89.1%
Luiz Felipe Scolari
89.1%
Diego Cavalieri
89.1%
Luiz Felipe Scolari
89.1%
Luiz Felipe Scolari
89.1%
Luiz Felipe Scolari
89.1%
Alex
88.9%
Alex
88.9%
Velloso
88.1%
Velloso
88.1%
Velloso
88.1%
Diego Souza
88.1%
Diego Souza
88.1%
Valdívia
88.1%
Diego Souza
88.1%
Diego Souza
88.1%
Jorge Valdivia
87.9%
Sérgio
85.4%
Sérgio
85.4%
Sérgio
85.4%
Bruno
85.4%
Vanderlei Luxemburgo
84.4%
Vanderlei Luxemburgo
84.4%
Vanderlei Luxemburgo
84.4%
Vanderlei Luxemburgo
84.4%
Paulo Nunes
83.2%
Paulo Nunes
83.2%
Edmundo
81.2%
Edmundo
81.2%
Oséas
80.7%
Oséas
80.7%
Deola
80.4%
Paulo Assunção
80%
Cléber
79.2%
Cléber
79.2%
Cléber
79.2%
Arce
79.2%
Arce
79.2%
Arce
79.2%
Arce
79.2%
Henrique
78.9%
Henrique
78.2%
Juninho Paulista
77.7%
Galeano
76.2%
Galeano
76.2%
Galeano
76.2%
Galeano
76.2%
% Correct
Evair
76.2%
Galeano
76.2%
Galeano
76.2%
Zinho
76%
Zinho
76%
Juninho
75.2%
Juninho
75.2%
Juninho
75.2%
Juninho
75.2%
Kleber Gladiador
74.8%
Kleber Gladiador
74.8%
Kleber Gladiador
74.8%
Juninho
74.5%
Rivaldo
74.3%
Djalminha
71.8%
César
71.3%
Leandro Amaro
70.3%
Marcos Assunção
70%
Marcos Assunção
70%
Marcos Assunção
70%
Léo Lima
69.8%
Leandro
69.3%
Leandro
69.3%
Alex Mineiro
69.1%
Luizão
68.8%
Fabio Szymonek
68.8%
Lúcio
67.4%
Lúcio
66.8%
Lúcio
66.8%
Maurício Ramos
66.8%
Maurício Ramos
66.8%
Maurício Ramos
66.8%
Fernando
65.8%
Fernando
65.8%
Cafu
63.9%
Rogério
63.9%
Rogério
63.9%
Rogério
63.9%
Rogério
63.9%
Souza
61.9%
Pierre
61.6%
Pierre
61.6%
Pierre
61.6%
Pierre
61.6%
Barcos
61.6%
Cleiton Xavier
60.4%
Baiano
58.7%
Márcio Araújo
58.2%
Márcio Araújo
58.2%
Márcio Araújo
58.2%
Marcelo Oliveira
55.3%
Euller
55.2%
Victor Luis
55.1%
Edmílson
54.5%
Tiago Silva
54.5%
Marcinho Guerreiro
54.5%
Marcinho Guerreiro
54.5%
Marcinho Guerreiro
54.5%
Denílson
54%
Marcinho
53.5%
Marcinho
53.5%
Leonardo
53%
Leonardo
53%
Thiago Heleno
53%
Gustavo
52.5%
Gustavo
52.5%
Danilo
51.5%
Danilo
51.5%
% Correct
Pedrinho
50.7%
Daniel
50.5%
Daniel
50.5%
Élder Granja
50.5%
Nen
46.5%
Nen
46.5%
Martinez
45.5%
Martinez
45.5%
Magrão
45%
Magrão
45%
Magrão
45%
Alexandre
44.6%
Alexandre
44.6%
Sandro
44.3%
Caio
44.3%
Émerson Leão
41.8%
Émerson Leão
41.8%
Fernando Tobio
40.8%
Wendel
40.6%
Wendel
40.6%
Wendel
40.6%
Luan
40.3%
Lopes
39.9%
Lopes
39.9%
Corrêa
39.6%
Corrêa
39.6%
Corrêa
39.6%
Armero
39.4%
Viola
39.1%
Nenê
39.1%
Wesley
38.9%
Washington
38.4%
Marcão
38.4%
Cicinho
38.1%
Tuta
36.9%
Maikon Leite
36.9%
Marquinhos
36.1%
Muñoz
35.9%
Paulo Baier
35.9%
Diogo
35.6%
Dininho
35.4%
João Vítor
35.1%
João Vítor
35.1%
Pena
33.7%
Estevam Soares
32.2%
Cláudio
31.9%
Artur
30.9%
Alceu
30.4%
Basílio
29%
Renatinho
28.5%
Wagner
27.7%
Cristian
27.2%
Rodrigo Taddei
26.2%
Rodrigo Taddei
26.2%
Edinho
25%
Enílton
24.5%
Ortigoza
24.5%
Patrik
21%
Itamar
20.5%
Tinga
20.3%
Tinga
20.3%
Lincoln
18.3%
Élson
17.6%
David
16.8%
Ewerthon
16.1%
Elivélton
14.6%
Warley
10.6%
Chico
9.9%

You're not logged in!

Compare scores with friends on all Sporcle quizzes.
Join for Free
OR
Log In

You Might Also Like...

Show Comments

Extras

Top Quizzes Today


Score Distribution

Your Account Isn't Verified!

In order to create a playlist on Sporcle, you need to verify the email address you used during registration. Go to your Sporcle Settings to finish the process.

Report this User

Report this user for behavior that violates our Community Guidelines.

Details: